| 000 | 01187nam a22002417a 4500 | ||
|---|---|---|---|
| 003 | UA-OsUOA | ||
| 001 | 66245 | ||
| 007 | ta | ||
| 008 | 20091225b un ||||| |||| 00| 0 ukr d | ||
| 090 |
_a016:929(477) _bМ59 |
||
| 942 | _cBK | ||
| 040 |
_aUA-OsUOA _bukr _cUA-OsUOA _dUA-OsUOA |
||
| 245 |
_aМикола Гоголь: Українська бібліографія _cП. Михеда, Л.Гранатович, Н. Кузьменко |
||
| 300 | _a258 с. | ||
| 955 | _a2 | ||
| 041 | _aukr | ||
| 080 | _a016:929(477) | ||
| 020 | _a978-966-360-114-4 | ||
| 520 | 3 | _aБібліографічний покажчик містить переклади творів Гоголя українською мовою, що ведуть свій початок від 1850 року - часу першого перекладу повісті "Тарас Бульба", і завершуються 2007 роком.Видання призначено для науковців, студентів та аспірантів. | |
| 260 |
_aК. _bАкадемперіодика _c2009 |
||
| 650 | 7 |
_a01 Бібліографія і бібліографії. Каталоги _2UDC |
|
| 999 |
_c352102 _d352102 |
||